Music Quiz

Random Music or Classical Quiz

Which Schumann Quiz Stats

 Plays Quiz not verified by Sporcle

Support Sporcle.
Go Orange.
Score 0/16 Timer 01:30
0 Plays Today
Question Answer Wrong Answers
Kinderszenen, Op. 15 (Scenes from Childhood) Robert
74.3%
Clara
10.6%
Symphony No. 1 in B♭ major, Op. 38 (The Spring Symphony) Robert
74.3%
Clara
14.2%
Waldszenen, Op. 82 (Forest Scenes) Robert
74.3%
Clara
9.7%
Carnaval, Op. 9 Robert
73.5%
Clara
14.2%
Piano Concerto in A minor, Op. 54 Robert
69.9%
Clara
15.9%
Fantasiestücke, Op. 12 Robert
69.9%
Clara
14.2%
Drei Sonaten für die Jugend, Op. 118 (Three Piano Sonatas for the Young) Robert
58.4%
Clara
28.3%
Quatre Pièces caractéristiques, Op. 5 Clara
47.8%
Robert
38.1%
Four Pièces Fugitives, Op.15 (Four Fleeting Pieces) Clara
47.8%
Robert
37.2%
Eight Polonaises (Four Hands) Robert
46.9%
Clara
38.1%
Quatre Polonaises pour le pianoforte, Op. 1 Clara
45.1%
Robert
39.8%
Cadenza for Beethoven's Piano Concerto No. 3 in C minor Clara
39.8%
Robert
47.8%
Piano Concerto in A minor, Op. 7 Clara
38.1%
Robert
46%
Piano Trio in G minor, Op. 17 Clara
38.1%
Robert
46.9%
Three Romances, Op. 11 Clara
37.2%
Robert
49.6%
Am Strande Clara
36.3%
Robert
49.6%

You're not logged in!

Compare scores with friends on all Sporcle quizzes.
OR
Log In

From the Vault

US Presidential Succession

by JoeBeta

They should really include every citizen in the US in the line of succession. We'd like to know where we rank.
Remove Ads.
Support Sporcle.
Get the best of Sporcle when you Go Orange. This ad-free experience offers more features, more stats, and more fun while also helping to support Sporcle. Thank you for becoming a member.

Show Comments

Extras

Top Quizzes Today


Score Distribution

Your Account Isn't Verified!

In order to create a playlist on Sporcle, you need to verify the email address you used during registration. Go to your Sporcle Settings to finish the process.

Report this User

Report this user for behavior that violates our Community Guidelines.

Details: